[Event "Championnat de France - Open C"]
[Site "NANCY"]
[Date "2013.08.18"]
[Round "6.7"]
[White "Allonge, Nicolas"]
[Black "Carral, Didier"]
[Result "0-1"]
[WhiteElo "1555"]
[BlackElo "1699"]
[PlyCount "68"]
[EventDate "2013.??.??"]

1. d4 Nf6 2. c4 g6 3. Nc3 d5 4. cxd5 Nxd5 5. e4 Nxc3 6. bxc3 Bg7 7. Nf3 c5 8.
Rb1 O-O 9. Be2 cxd4 10. cxd4 Qa5+ 11. Bd2 Qxa2 12. Qc1 Qe6 13. Ng5 Qc6 14. Qb2
b6 15. Rc1 Qb7 16. Bf4 e5 17. Bxe5 Bxe5 18. dxe5 Qe7 19. h4 Ba6 20. f4 Bxe2 21.
Qxe2 Nd7 22. h5 Rac8 23. Kf2 Rxc1 24. Rxc1 Nc5 25. hxg6 fxg6 26. Qc4+ Kg7 27.
Ke3 h6 28. Nf3 Rd8 29. Nd4 Qh4 30. Qe2 Rxd4 31. Rxc5 bxc5 32. e6 Qg3+ 33. Qf3
Qe1+ 34. Qe2 Rxe4+ 0-1

[Event "Championnat de France - Open C"]
[Site "NANCY"]
[Date "2013.08.17"]
[Round "6.8"]
[White "Marsaudon, Eric"]
[Black "Doyen, Remi"]
[Result "1/2-1/2"]
[WhiteElo "1696"]
[BlackElo "1647"]
[Annotator "Rivier,Sylvain"]
[PlyCount "35"]
[EventDate "2013.??.??"]

1. c4 e5 2. Nc3 Nf6 3. g3 Nc6 4. Bg2 g6 5. d3 Bg7 6. Nf3 O-O 7. O-O d6 8. a3
Be6 9. Bg5 Qd7 10. Rb1 Ne7 11. e4 h6 12. Bxf6 Bxf6 13. b4 Bg7 14. b5 f5 15. Nd5
f4 16. Nh4 Nxd5 17. cxd5 Bf7 18. Bf3 {suite illisible} 1/2-1/2

[Event "Championnat de France - Open C"]
[Site "NANCY"]
[Date "2013.08.17"]
[Round "6.9"]
[White "Clarebout, Julien"]
[Black "Bellahcene, Omar"]
[Result "0-1"]
[WhiteElo "1704"]
[BlackElo "1789"]
[PlyCount "110"]
[EventDate "2013.??.??"]

1. b3 c5 2. Bb2 Nc6 3. c4 Nf6 4. e3 d5 5. cxd5 Nxd5 6. Nc3 Ndb4 7. Qb1 Ne5 8.
Bb5+ Bd7 9. d4 cxd4 10. exd4 Bxb5 11. Nxb5 Ned3+ 12. Ke2 Rc8 13. Bc3 Qd5 14.
Bxb4 Nxb4 15. Nxa7 Rc2+ 16. Kf1 Qxd4 17. Ne2 Qxa7 18. a3 Qa6 19. Qd1 Qd3 20.
axb4 Qxd1+ 21. Rxd1 e5 22. b5 Bc5 23. Rc1 Rxc1+ 24. Nxc1 Ke7 25. Ke2 e4 26. f3
exf3+ 27. Kxf3 Rd8 28. Ke4 Rd4+ 29. Kf3 f5 30. Re1+ Kf6 31. Re3 g5 32. Nd3 f4
33. Nxc5 fxe3 34. Nxb7 Rb4 35. b6 e2 36. Kxe2 Rxb3 37. Nc5 Rb5 38. b7 Ke7 39.
Kf3 Kd6 40. Ne4+ Kc7 41. h3 h6 42. Kg4 Rb6 43. Kh5 Kxb7 44. g4 Kc7 45. Nxg5
hxg5 46. Kxg5 Kd7 47. Kh5 Ke7 48. h4 Kf7 49. Kg5 Kg7 50. Kf5 Rb5+ 51. Kf4 Kg6
52. Ke4 Rb4+ 53. Kf3 Rb3+ 54. Kf4 Kf6 55. Ke4 Rh3 0-1

[Event "Championnat de France - Open C"]
[Site "NANCY"]
[Date "2013.08.18"]
[Round "6.10"]
[White "Citterio, Jean-Claude"]
[Black "Verhulst, Jens"]
[Result "1-0"]
[WhiteElo "1776"]
[BlackElo "1690"]
[PlyCount "41"]
[EventDate "2013.??.??"]

1. e4 e5 2. Nf3 Nc6 3. Bc4 Nf6 4. d4 exd4 5. O-O Bc5 6. e5 d5 7. exf6 dxc4 8.
Re1+ Be6 9. fxg7 Rg8 10. Ng5 Be7 11. Nxe6 fxe6 12. Qh5+ Kd7 13. Qf7 Kc8 14.
Qxe6+ Kb8 15. Bh6 Bf6 16. Na3 c3 17. bxc3 Bxg7 18. Rab1 Na5 19. Bxg7 Rxg7 20.
Qe5 Rg5 21. Qxg5 1-0

[Event "Championnat de France - Open C"]
[Site "NANCY"]
[Date "2013.08.19"]
[Round "7.1"]
[White "Buisson, Lionel"]
[Black "Mangold, Noe"]
[Result "0-1"]
[WhiteElo "1594"]
[BlackElo "1781"]
[PlyCount "60"]
[EventDate "2013.??.??"]

1. e4 c5 2. Nf3 d6 3. d4 cxd4 4. Nxd4 Nf6 5. Nc3 g6 6. Be3 Bg7 7. f3 O-O 8. Qd2
Nc6 9. Bc4 Bd7 10. O-O-O Rc8 11. Bb3 Ne5 12. g4 Nc4 13. Bxc4 Rxc4 14. Qd3 Rc8
15. h4 Be6 16. Nxe6 fxe6 17. Nb5 Nd7 18. Nd4 Nc5 19. Qb5 a6 20. Qb4 Qc7 21. Rh2
e5 22. Qc4+ Kh8 23. h5 exd4 24. hxg6 d5 25. Rxh7+ Kg8 26. Qxd5+ e6 27. Qc4 dxe3
28. b4 Qe5 29. Rxg7+ Qxg7 30. Rd4 e2 0-1

[Event "Championnat de France - Open C"]
[Site "NANCY"]
[Date "2013.08.19"]
[Round "7.2"]
[White "De Talance, Aliaume"]
[Black "Girault, Simon"]
[Result "1/2-1/2"]
[WhiteElo "1716"]
[BlackElo "1797"]
[PlyCount "129"]
[EventDate "2013.??.??"]

1. e4 c6 2. d4 d5 3. Nc3 dxe4 4. Nxe4 Bf5 5. Ng3 Bg6 6. h4 h6 7. Nf3 Nd7 8. h5
Bh7 9. Bd3 Bxd3 10. Qxd3 Ngf6 11. Bd2 e6 12. O-O-O Qc7 13. Kb1 Bd6 14. Ne4 Nxe4
15. Qxe4 Nf6 16. Qe2 O-O-O 17. c4 c5 18. Bc3 Kb8 19. g3 Rhe8 20. dxc5 Qxc5 21.
Bd4 Qf5+ 22. Ka1 e5 23. Be3 Ng4 24. c5 Nxe3 25. Qxe3 e4 26. cxd6 exf3 27. Qc3
Qf6 28. Qc7+ Ka8 29. d7 Rf8 30. Rc1 a6 31. Qc8+ Ka7 32. Qc5+ Qb6 33. Qxb6+ Kxb6
34. Rhd1 f6 35. Rd6+ Ka7 36. Rc3 Rf7 37. Rcd3 Kb8 38. R6d4 Re7 39. a3 Re2 40.
Rxf3 Re7 41. Rfd3 Kc7 42. Rc4+ Kb8 43. Rcd4 Kc7 44. Ka2 Rexd7 45. Rxd7+ Rxd7
46. Rxd7+ Kxd7 47. Kb3 f5 48. Kc4 Kd6 49. f4 Kc6 50. Kd4 Kd6 51. a4 a5 52. Kc4
Kc6 53. b4 axb4 54. Kxb4 Kb6 55. a5+ Ka6 56. Ka4 b6 57. axb6 Kxb6 58. Kb4 Kc6
59. Kc4 Kd6 60. Kd4 Ke6 61. Kc5 Kf6 62. Kd6 g6 63. hxg6 Kxg6 64. Ke6 Kh5 65.
Kxf5 1/2-1/2

[Event "Championnat de France - Open C"]
[Site "NANCY"]
[Date "2013.08.19"]
[Round "7.3"]
[White "Zounani, Yacine"]
[Black "Delmotte, Alexandre"]
[Result "1-0"]
[WhiteElo "1750"]
[BlackElo "1667"]
[PlyCount "57"]
[EventDate "2013.??.??"]

1. d4 Nf6 2. c4 e6 3. Nc3 Bb4 4. Qc2 d5 5. cxd5 exd5 6. Bg5 c6 7. e3 h6 8. Bh4
Nbd7 9. Bd3 a5 10. Nge2 O-O 11. O-O Be7 12. f3 Re8 13. Bf2 Nf8 14. Ng3 g6 15.
e4 dxe4 16. fxe4 Ng4 17. h3 Nxf2 18. Qxf2 Be6 19. Rad1 Bh4 20. Kh2 Bxg3+ 21.
Kxg3 Qg5+ 22. Kh2 Rad8 23. e5 Qe7 24. Ne4 Nh7 25. Qe3 h5 26. Rf3 Bd5 27. Rdf1
Rf8 28. Nf6+ Kg7 29. Rg3 1-0

[Event "Championnat de France - Open C"]
[Site "NANCY"]
[Date "2013.08.19"]
[Round "7.4"]
[White "Carral, Didier"]
[Black "Dagonia, Steve"]
[Result "1/2-1/2"]
[WhiteElo "1699"]
[BlackElo "1792"]
[PlyCount "93"]
[EventDate "2013.??.??"]

1. e4 d6 2. d4 e5 3. dxe5 dxe5 4. Qxd8+ Kxd8 5. Nf3 f6 6. Be3 Nd7 7. Be2 Bc5 8.
Bd2 c6 9. Nc3 Ne7 10. Rd1 Kc7 11. Na4 Bd6 12. Be3 b5 13. Nc3 a6 14. a3 Ng6 15.
Nd2 Bc5 16. Bxc5 Nxc5 17. b4 Ne6 18. Nb3 Ngf4 19. Bf1 Rd8 20. g3 Rxd1+ 21. Nxd1
Ng6 22. Nb2 Ng5 23. Bg2 Be6 24. Nc5 Bc8 25. f3 Ne6 26. Nxe6+ Bxe6 27. Ke2 a5
28. Kd2 axb4 29. axb4 Nf8 30. Nd3 Nd7 31. Rb1 Nb6 32. Nb2 Bc4 33. Bf1 Bxf1 34.
Rxf1 Ra2 35. Rb1 Rxb2 36. Rxb2 Nc4+ 37. Kc3 Nxb2 38. Kxb2 Kd6 39. g4 g6 40. Kc1
c5 41. c3 cxb4 42. cxb4 f5 43. h4 Ke7 44. Kd2 Kf6 45. g5+ Ke6 46. Ke2 f4 47.
Kf2 1/2-1/2

[Event "Championnat de France - Open C"]
[Site "NANCY"]
[Date "2013.08.19"]
[Round "7.5"]
[White "Bellahcene, Omar"]
[Black "Afraoui, Anaelle"]
[Result "1-0"]
[WhiteElo "1789"]
[BlackElo "1715"]
[PlyCount "99"]
[EventDate "2013.??.??"]

1. e4 c5 2. Na3 Nf6 3. d3 d5 4. e5 Ng4 5. f4 g6 6. Be2 Nh6 7. Nf3 Nc6 8. c3 d4
9. O-O Bg7 10. Ng5 O-O 11. Ne4 b6 12. Bf3 Bb7 13. g4 Qd7 14. h3 Rad8 15. c4 Nb4
16. Nc2 Bxe4 17. Bxe4 Nc6 18. Qf3 Rc8 19. Bd2 f5 20. exf6 exf6 21. Bd5+ Kh8 22.
Rae1 Nd8 23. Re2 Re8 24. Rfe1 Rxe2 25. Rxe2 Nhf7 26. Qe4 Nd6 27. Qe7 Rc7 28.
Qxd7 Rxd7 29. b4 Bf8 30. bxc5 bxc5 31. Na3 Re7 32. Rxe7 Bxe7 33. Nb5 Nxb5 34.
cxb5 Kg7 35. Ba5 Nf7 36. Bxf7 Kxf7 37. Bc7 Ke6 38. a4 Bd6 39. Bxd6 Kxd6 40. a5
h6 41. h4 f5 42. gxf5 gxf5 43. Kf2 Kc7 44. Ke2 Kd6 45. Kd2 Kd7 46. Kc2 Kc7 47.
Kb3 h5 48. Kc4 Kd6 49. b6 axb6 50. axb6 1-0

[Event "Championnat de France - Open C"]
[Site "NANCY"]
[Date "2013.08.19"]
[Round "7.6"]
[White "Kajganic, Fabien"]
[Black "Citterio, Jean-Claude"]
[Result "0-1"]
[WhiteElo "1727"]
[BlackElo "1776"]
[PlyCount "68"]
[EventDate "2013.??.??"]

1. d4 Nf6 2. c4 e6 3. Nc3 d5 4. Nf3 Be7 5. cxd5 exd5 6. Bf4 c6 7. Qc2 g6 8. e3
Bf5 9. Bd3 Bxd3 10. Qxd3 Nbd7 11. a3 a5 12. O-O O-O 13. Ne5 Re8 14. h3 Nh5 15.
Bh2 f5 16. f4 Nhf6 17. Kh1 Ne4 18. Nxe4 dxe4 19. Qc4+ Kg7 20. Qf7+ Kh6 21. g4
Nxe5 22. g5+ Bxg5 23. fxg5+ Kh5 24. Qxh7+ Kxg5 25. Rg1+ Ng4 26. hxg4 fxg4 27.
Bf4+ Kf5 28. Raf1 Rh8 29. Bh6+ Ke6 30. Qf7+ Kd6 31. Rf6+ Qxf6 32. Qxf6+ Kd5 33.
Qe5+ Kc4 34. Qc5+ Kd3 0-1

[Event "Championnat de France - Open C"]
[Site "NANCY"]
[Date "2013.08.19"]
[Round "7.7"]
[White "Wolfangel, Claude"]
[Black "Quelennec, Amelie"]
[Result "0-1"]
[WhiteElo "1743"]
[BlackElo "1700"]
[PlyCount "68"]
[EventDate "2013.??.??"]

1. c4 Nf6 2. Nf3 g6 3. Nc3 d5 4. cxd5 Nxd5 5. g3 Bg7 6. Bg2 O-O 7. O-O c5 8. d4
Nxc3 9. bxc3 Nc6 10. e3 Qc7 11. Qc2 Rd8 12. Bb2 Bf5 13. e4 Bg4 14. d5 Na5 15.
Nd2 b5 16. f3 Bd7 17. c4 Bxb2 18. Qxb2 bxc4 19. Rfc1 Rab8 20. Qc3 Rb4 21. Bf1
e6 22. Nxc4 exd5 23. exd5 Nxc4 24. Bxc4 Bb5 25. Bb3 Rc8 26. Rd1 Qd6 27. a3 Rxb3
28. Qxb3 Qb6 29. Kg2 Bf1+ 30. Kxf1 Qxb3 31. Kg2 Rd8 32. d6 Rxd6 33. Rdb1 Rd2+
34. Kh3 Qxf3 0-1

[Event "Championnat de France - Open C"]
[Site "NANCY"]
[Date "2013.08.19"]
[Round "7.8"]
[White "Jacq, Philippe"]
[Black "Marsaudon, Eric"]
[Result "1-0"]
[WhiteElo "1741"]
[BlackElo "1696"]
[PlyCount "87"]
[EventDate "2013.??.??"]

1. e4 c5 2. c3 g6 3. d4 Bg7 4. Nf3 cxd4 5. cxd4 d6 6. Bc4 Bg4 7. Bxf7+ Kxf7 8.
Ng5+ Ke8 9. Qxg4 Nh6 10. Qd1 Qd7 11. O-O Nf7 12. Nxf7 Kxf7 13. Nc3 Rf8 14. Qb3+
e6 15. d5 e5 16. Be3 Na6 17. Rac1 b6 18. Qb5 Qb7 19. Na4 Rac8 20. Rc6 Rfd8 21.
Rfc1 h6 22. h3 g5 23. Qb3 Qd7 24. Qc4 Nc5 25. Nxc5 bxc5 26. Rxc8 Rxc8 27. b4
Bf8 28. bxc5 dxc5 29. Rb1 Bd6 30. Kf1 Ke7 31. Qb5 Qd8 32. Qa6 Rc7 33. Rb7 Qd7
34. Rxc7 Qxc7 35. Qb5 Qb6 36. a4 Kd8 37. Ke2 Kc7 38. Kd3 a6 39. Qxb6+ Kxb6 40.
Kc4 Ka5 41. Bxc5 Bc7 42. Be7 Kxa4 43. d6 Bb6 44. d7 1-0

[Event "Championnat de France - Open C"]
[Site "NANCY"]
[Date "2013.08.19"]
[Round "7.9"]
[White "Traskos, Dominique"]
[Black "Salvi, Michel"]
[Result "0-1"]
[WhiteElo "1736"]
[BlackElo "1583"]
[PlyCount "52"]
[EventDate "2013.??.??"]

1. c4 Nf6 2. g3 g6 3. Bg2 Bg7 4. Nc3 d6 5. e4 e5 6. d3 Nc6 7. Nge2 Be6 8. O-O
Qd7 9. Nd5 h5 10. Bg5 Nh7 11. Qd2 f6 12. Bh6 O-O-O 13. Bxg7 Qxg7 14. b4 Ng5 15.
b5 Nb8 16. Qa5 h4 17. f4 Nh3+ 18. Bxh3 Bxh3 19. Rf2 Bg4 20. Ndc3 exf4 21. Rxf4
f5 22. Raf1 g5 23. R4f2 f4 24. Qxa7 hxg3 25. hxg3 Qh7 26. Rg2 f3 0-1

[Event "Championnat de France - Open C"]
[Site "NANCY"]
[Date "2013.08.19"]
[Round "7.10"]
[White "Nicolas, Gabrielle"]
[Black "Dillenschneider, Ernesto"]
[Result "1/2-1/2"]
[WhiteElo "1671"]
[BlackElo "1734"]
[PlyCount "84"]
[EventDate "2013.??.??"]

1. d4 c5 2. Nf3 cxd4 3. Nxd4 Nc6 4. Nxc6 bxc6 5. e4 Nf6 6. Nc3 d6 7. Bc4 g6 8.
O-O Bg7 9. e5 Ng8 10. exd6 Qxd6 11. Qf3 Qf6 12. Qxf6 Nxf6 13. Re1 e6 14. Ne4
O-O 15. c3 Nxe4 16. Rxe4 Rb8 17. Bb3 Rd8 18. Bf4 Rb7 19. Rc4 e5 20. Bg5 Rd6 21.
Rc5 Be6 22. Bxe6 Rxe6 23. b3 Rd6 24. h3 h6 25. Be3 f5 26. Ra5 Rdd7 27. Re1 e4
28. Rc5 Rb6 29. Ra5 Bxc3 30. Bxb6 Bxe1 31. Rxa7 Rxa7 32. Bxa7 Kf7 33. Bb6 Ke6
34. Kf1 Bb4 35. Ke2 Kd5 36. Ke3 Ba3 37. Bd8 c5 38. Be7 Ke6 39. Bf8 Kf7 40. Bd6
Ke6 41. Bf8 Kf7 42. Bd6 Ke6 1/2-1/2

[Event "Championnat de France - Open C"]
[Site "NANCY"]
[Date "2013.08.20"]
[Round "8.1"]
[White "Mangold, Noe"]
[Black "Zounani, Yacine"]
[Result "1/2-1/2"]
[WhiteElo "1781"]
[BlackElo "1750"]
[PlyCount "102"]
[EventDate "2013.??.??"]

1. d4 d5 2. c4 e6 3. Nc3 c5 4. cxd5 cxd4 5. Qxd4 Nc6 6. Qd1 exd5 7. e4 dxe4 8.
Qxd8+ Kxd8 9. Bb5 Be7 10. Bxc6 bxc6 11. Nxe4 Nf6 12. Nc3 Bc5 13. Nge2 Re8 14.
Bg5 Ba6 15. O-O-O+ Kc7 16. Bf4+ Kb7 17. Nd4 Rad8 18. Nf5 Nd5 19. Nxd5 cxd5 20.
Kb1 g6 21. Rc1 Bd3+ 22. Ka1 Bxf5 23. Rxc5 Rd7 24. b3 Re2 25. Rhc1 Rxf2 26. Rb5+
Ka6 27. a4 Rc2 28. Rxc2 Bxc2 29. Kb2 Bd3 30. Rb8 Rb7 31. Rxb7 Kxb7 32. Kc3 Be4
33. g3 Kc6 34. b4 a6 35. h4 Bf5 36. Be5 Be4 37. Bf4 Bf5 38. Bg5 Bc8 39. Bf4 f6
40. Kd4 Bf5 41. Kc3 Be4 42. Be3 Bf3 43. Bd4 f5 44. Be5 Bd1 45. a5 Bf3 46. Bf4
Kb5 47. Be5 Kc6 48. Bf4 Kb5 49. Be5 Kc6 50. Bf4 Kb5 51. Be5 Kc6 1/2-1/2

[Event "Championnat de France - Open C"]
[Site "NANCY"]
[Date "2013.08.20"]
[Round "8.2"]
[White "Girault, Simon"]
[Black "Carral, Didier"]
[Result "1-0"]
[WhiteElo "1797"]
[BlackElo "1699"]
[PlyCount "151"]
[EventDate "2013.??.??"]

1. e4 Nf6 2. Nc3 e5 3. Nf3 Nc6 4. Bb5 Bc5 5. d3 a6 6. Ba4 b5 7. Bb3 Bb4 8. O-O
Bxc3 9. bxc3 d6 10. h3 O-O 11. Re1 Na5 12. d4 Nxb3 13. cxb3 Qe7 14. Qc2 h6 15.
Ba3 c5 16. dxc5 dxc5 17. c4 b4 18. Bb2 Nd7 19. Rad1 f6 20. Nh4 Rd8 21. Nf5 Qf8
22. Re3 Nb8 23. Red3 Rxd3 24. Qxd3 Be6 25. Qg3 Bxf5 26. exf5 Nc6 27. f4 Nd4 28.
Qd3 Re8 29. fxe5 fxe5 30. Rf1 e4 31. Qd1 e3 32. Qg4 e2 33. Re1 Qxf5 34. Qxf5
Nxf5 35. Kf2 Ne3 36. Bc1 Nd1+ 37. Kf3 Nc3 38. a3 Rf8+ 39. Ke3 Re8+ 40. Kf3 Rf8+
41. Ke3 Rf1 42. Bd2 a5 43. axb4 axb4 44. Bxc3 bxc3 45. Kxe2 Rf6 46. Rc1 Kf7 47.
Rxc3 Ke6 48. Rd3 Rf7 49. Rd5 Rc7 50. Ke3 Rb7 51. Rd3 Rf7 52. Ke2 Rb7 53. Kd2
Ra7 54. Kc3 Ra2 55. Rd2 Ra5 56. Rd5 Ra2 57. Rxc5 Rxg2 58. Rd5 g5 59. Rd3 h5 60.
c5 h4 61. Kd4 g4 62. Re3+ Kd7 63. hxg4 Rxg4+ 64. Re4 Rg3 65. Kc4 h3 66. Rh4 Kc6
67. Rh6+ Kc7 68. b4 Rf3 69. Kb5 Rd3 70. Rh7+ Kc8 71. Kb6 Rb3 72. b5 Re3 73. c6
Rd3 74. Rh8+ Rd8 75. Rxh3 Re8 76. Ra3 1-0

[Event "Championnat de France - Open C"]
[Site "NANCY"]
[Date "2013.08.20"]
[Round "8.3"]
[White "Quelennec, Amelie"]
[Black "Bellahcene, Omar"]
[Result "0-1"]
[WhiteElo "1700"]
[BlackElo "1789"]
[Annotator "Rivier,Sylvain"]
[PlyCount "84"]
[EventDate "2013.??.??"]

1. Nf3 Nf6 2. g3 b6 3. Bg2 Bb7 4. d4 g6 5. O-O Bg7 6. c4 O-O 7. Nc3 d6 8. Bf4
Ne4 9. Qc2 Nxc3 10. bxc3 Nd7 11. Rfd1 Nf6 12. Ng5 Bxg2 13. Kxg2 Qd7 14. Qd3
Qc6+ 15. Kg1 h6 16. Nf3 Nh5 17. Be3 e5 18. d5 Qd7 19. Bd2 Qg4 20. e4 Nf4 21.
Bxf4 exf4 22. Nd4 fxg3 23. hxg3 h5 24. Nf3 Bf6 25. Kh2 h4 26. gxh4 Bxh4 27.
Nxh4 Qxh4+ 28. Kg2 Qg4+ 29. Kf1 Kg7 30. f3 Qf4 31. Qd4+ f6 32. Ke2 Rh8 33. Rh1
Rh2+ 34. Rxh2 Qxh2+ 35. Qf2 Rh8 36. Rg1 Qe5 37. Kd3 Rh2 38. Rg2 Rh1 39. Rg1 Qh2
40. Rg2 Qh6 41. Rg1 Qh3 42. Rxh1 Qxh1 {suite illisible} 0-1

[Event "Championnat de France - Open C"]
[Site "NANCY"]
[Date "2013.08.20"]
[Round "8.4"]
[White "Doyen, Remi"]
[Black "Jacq, Philippe"]
[Result "1/2-1/2"]
[WhiteElo "1647"]
[BlackElo "1741"]
[PlyCount "92"]
[EventDate "2013.??.??"]

1. e4 c5 2. Nf3 Nc6 3. d4 cxd4 4. Nxd4 e5 5. Nb5 d6 6. N1c3 a6 7. Na3 Be6 8.
Nc4 Bxc4 9. Bxc4 Nf6 10. Bg5 Be7 11. Bxf6 Bxf6 12. Nd5 Rc8 13. Bb3 O-O 14. c3
Na5 15. Qd3 b5 16. O-O Nb7 17. Rad1 Bg5 18. Bc2 Nc5 19. Qg3 Ne6 20. Qd3 Nc5 21.
Qe2 Ne6 22. g3 Nc7 23. a4 Nxd5 24. Rxd5 bxa4 25. Qxa6 Ra8 26. Qxd6 Qxd6 27.
Rxd6 a3 28. bxa3 Rxa3 29. Rc6 g6 30. Rb1 Bd2 31. Rb3 Rfa8 32. c4 Rxb3 33. Bxb3
Rb8 34. Ba4 Bc3 35. Bb5 Bd4 36. Kg2 Ra8 37. f4 Ra2+ 38. Kh3 exf4 39. gxf4 h5
40. Rc8+ Kg7 41. c5 Ra5 42. Be8 Rxc5 43. Rd8 Rc3+ 44. Kg2 Bb6 45. Rd7 Rc7 46.
Rxc7 Bxc7 1/2-1/2

[Event "Championnat de France - Open C"]
[Site "NANCY"]
[Date "2013.08.20"]
[Round "8.5"]
[White "Salvi, Michel"]
[Black "Kajganic, Fabien"]
[Result "1/2-1/2"]
[WhiteElo "1583"]
[BlackElo "1727"]
[Annotator "Rivier,Sylvain"]
[PlyCount "187"]
[EventDate "2013.??.??"]

1. e4 e6 2. d4 d5 3. Nd2 Nf6 4. Bd3 c5 5. dxc5 Bxc5 6. e5 Nfd7 7. Ngf3 Nc6 8.
Nb3 Bb6 9. Bb5 O-O 10. Qe2 Bc7 11. Bg5 Qe8 12. O-O Ncxe5 13. Nxe5 Bxe5 14. Bxd7
Bxd7 15. Qxe5 f6 16. Bxf6 Rxf6 17. Nd4 Qb8 18. Rfe1 Qxe5 19. Rxe5 Rc8 20. c3 b5
21. a3 a5 22. g3 Rc4 23. f4 Kf7 24. Rae1 g6 25. Nb3 a4 26. Nd2 Rc8 27. Nf3 h6
28. Nd4 Rb8 29. Kf2 Rd8 30. Kf3 Re8 31. h4 Rf8 32. Rf1 Kg7 33. Rfe1 Kf7 34. Rf1
Kg7 35. Ke3 h5 36. b3 Rc8 37. Kd2 axb3 38. Rb1 Ra8 39. Rxb3 Ra4 40. Kc2 Kf7 41.
Kb2 Ke7 42. Ka2 Kd6 43. Rb2 Rf8 44. Rbe2 Rfa8 45. Nc2 Rf8 46. Rg5 Rf6 47. Nd4
Ra8 48. Nf3 Be8 49. Kb3 Ra7 50. Rge5 Bd7 51. Ng5 Ra8 52. Rd2 Ra4 53. Nf3 Rf8
54. Rd4 Rc4 55. Nd2 Rc7 56. Rg5 Be8 57. Ne4+ Ke7 58. Nf2 Rc4 59. Re5 Bc6 60.
Nd3 Kd6 61. Nb4 Bd7 62. Rg5 Rf6 63. Nc2 Be8 64. Ne3 Rc7 65. g4 Rcf7 66. f5 hxg4
67. fxe6 Rxe6 68. Nxd5 Kc6 69. Rgxg4 Rf1 70. Nb4+ Kb6 71. Rde4 Rxe4 72. Rxe4
Bf7+ 73. Kb2 Bc4 74. Rg4 Rf2+ 75. Kc1 Rf6 76. a4 Bb3 77. axb5 Kxb5 78. Kb2 Be6
79. Rd4 Rf2+ 80. Kc1 Bc4 81. Rg4 Rf6 82. Kd2 Re6 83. Nd3 Rd6 84. Rd4 Rxd4 85.
cxd4 Be6 86. Kc3 Kc6 87. Ne5+ Kd5 88. Nxg6 Ke4 89. Ne5 Kf5 90. Kd3 Kf4 91. Ng6+
Kf5 92. h5 Kg5 93. Ke3 Bg4 94. Nf4 {suite illisible} 1/2-1/2

[Event "Championnat de France - Open C"]
[Site "NANCY"]
[Date "2013.08.20"]
[Round "8.6"]
[White "Buisson, Lionel"]
[Black "De Talance, Aliaume"]
[Result "1/2-1/2"]
[WhiteElo "1594"]
[BlackElo "1716"]
[PlyCount "85"]
[EventDate "2013.??.??"]

1. e4 d6 2. d4 Nf6 3. Nc3 g6 4. Nf3 Bg7 5. Be2 O-O 6. O-O Nc6 7. d5 Nb8 8. Bf4
c6 9. Qd2 Bg4 10. h3 Bxf3 11. Bxf3 Nfd7 12. Bh6 Ne5 13. Be2 a5 14. Bxg7 Kxg7
15. f4 Ned7 16. Rfd1 Na6 17. e5 Qb6+ 18. Kh1 c5 19. Bb5 Rad8 20. e6 fxe6 21.
dxe6 Nf6 22. g4 Nc7 23. Qe2 d5 24. f5 d4 25. g5 Nh5 26. Qe5+ Kg8 27. f6 exf6
28. gxf6 Qxe6 29. Qxe6+ Nxe6 30. Bc4 dxc3 31. Bxe6+ Kh8 32. bxc3 Nxf6 33. Rab1
Rxd1+ 34. Rxd1 Ne4 35. Rd7 b5 36. c4 bxc4 37. Bxc4 Ng3+ 38. Kg2 Nf5 39. Bd3
Ne3+ 40. Kg3 c4 41. Be4 Nf1+ 42. Kg4 Ne3+ 43. Kg3 1/2-1/2

[Event "Championnat de France - Open C"]
[Site "NANCY"]
[Date "2013.08.20"]
[Round "8.7"]
[White "Dagonia, Steve"]
[Black "Nicolas, Gabrielle"]
[Result "1-0"]
[WhiteElo "1792"]
[BlackElo "1671"]
[PlyCount "79"]
[EventDate "2013.??.??"]

1. f4 d5 2. Nf3 g6 3. e3 Bg7 4. Be2 Nf6 5. O-O O-O 6. c4 Nc6 7. cxd5 Nxd5 8.
Nc3 Nb6 9. d4 h6 10. Bd2 Be6 11. Ne4 Nc4 12. Qc1 Nxd2 13. Qxd2 Bf5 14. Ng3 Be6
15. Rfc1 f5 16. Qe1 Bd5 17. Rc5 e6 18. Kh1 g5 19. Nh5 g4 20. Nh4 Qe8 21. Nxg7
Kxg7 22. Kg1 Kh7 23. g3 Qe7 24. Bd3 Kg7 25. Rxd5 exd5 26. Nxf5+ Rxf5 27. Bxf5
h5 28. Qc3 Re8 29. Re1 Qf7 30. Bb1 Qd7 31. Qd3 Re4 32. Qd2 Re7 33. b4 a6 34. a4
Qd6 35. b5 axb5 36. axb5 Nb4 37. Rc1 Qe6 38. Rc3 c6 39. Rb3 c5 40. dxc5 1-0

[Event "Championnat de France - Open C"]
[Site "NANCY"]
[Date "2013.08.20"]
[Round "8.8"]
[White "Dillenschneider, Ernesto"]
[Black "Airoldi, Roger"]
[Result "1-0"]
[WhiteElo "1734"]
[BlackElo "1643"]
[Annotator "Rivier,Sylvain"]
[PlyCount "97"]
[EventDate "2013.??.??"]

1. d4 Nf6 2. c4 g6 3. Nf3 Bg7 4. Nc3 O-O 5. e4 d6 6. Be2 Nc6 7. O-O e5 8. d5
Ne7 9. Ne1 Ne8 10. Be3 f5 11. f3 f4 12. Bf2 Nf6 13. a4 h5 14. a5 g5 15. c5 Kh8
16. cxd6 cxd6 17. Nb5 g4 18. Bxa7 gxf3 19. Bxf3 Bg4 20. Bb6 Qd7 21. Nc3 Ng6 22.
h3 Bxf3 23. Nxf3 Rg8 24. Kh1 Bh6 25. Qe1 Qg7 26. Ra4 Rac8 27. Rg1 Nd7 28. Nh4
Ne7 29. Bf2 Qf6 30. Nf3 Nc5 31. Bxc5 Rxc5 32. Qh4 Qxh4 33. Nxh4 Ra8 34. Rga1
Rg8 35. Rb4 Rc7 36. Ra3 Ra8 37. Kh2 Bg5 38. Nf3 Bf6 39. Rab3 Rxa5 40. Rxb7 Rc8
41. Rb8 Kg7 42. Rxc8 Nxc8 43. Rb7+ Ne7 44. Nb5 Ra4 45. Rd7 Rb4 46. Nxd6 Rxb2
47. Nf5+ Kf8 48. Nxe7 Ke8 49. Ra7 {suite illisible} 1-0

[Event "Championnat de France - Open C"]
[Site "NANCY"]
[Date "2013.08.20"]
[Round "8.9"]
[White "Delmotte, Alexandre"]
[Black "Bouillot, Quentin"]
[Result "1/2-1/2"]
[WhiteElo "1667"]
[BlackElo "1732"]
[PlyCount "82"]
[EventDate "2013.??.??"]

1. d4 Nf6 2. Nf3 e6 3. c4 Bb4+ 4. Nc3 O-O 5. Qc2 d5 6. Bg5 h6 7. Bh4 Nbd7 8.
cxd5 exd5 9. e3 c6 10. Bd3 Qe8 11. O-O Bd6 12. Rab1 a5 13. a3 Qe7 14. e4 g5 15.
Bg3 Bxg3 16. hxg3 dxe4 17. Nxe4 Nxe4 18. Bxe4 Nf6 19. Bd3 Nd5 20. Rbe1 Qd6 21.
Ne5 Be6 22. Qe2 Nf6 23. Rd1 Kg7 24. Bb1 Rfd8 25. Qc2 a4 26. Qc5 Bb3 27. Rd3 Ne4
28. Qb6 Rab8 29. Rxb3 axb3 30. Bxe4 Qxd4 31. Qc7 Rf8 32. Nxf7 Rxf7 33. Qxb8
Qxe4 34. Qd6 Qc2 35. Qd4+ Kh7 36. Qc3 Rd7 37. Qf6 Qg6 38. Qe5 Qf7 39. Qc3 Re7
40. Rd1 Re6 41. Rd4 c5 1/2-1/2

[Event "Championnat de France - Open C"]
[Site "NANCY"]
[Date "2013.08.20"]
[Round "8.10"]
[White "Radoman, Emmanuel"]
[Black "Violleau, Jean-Claude"]
[Result "1-0"]
[WhiteElo "1667"]
[BlackElo "1702"]
[PlyCount "42"]
[EventDate "2013.??.??"]

1. e4 c5 2. Nf3 d6 3. c3 Nc6 4. Be2 Nf6 5. d4 cxd4 6. cxd4 Nxe4 7. d5 Qa5+ 8.
Nc3 Nxc3 9. bxc3 Ne5 10. O-O Nxf3+ 11. Bxf3 Qxc3 12. Bf4 g6 13. Re1 Qf6 14. Qd2
Bd7 15. Qb4 a5 16. Qxb7 Rc8 17. Rac1 Rd8 18. Be3 Qf5 19. Bb6 Rc8 20. a4 Bc6 21.
Rxc6 Qd7 1-0

[Event "Championnat de France - Open C"]
[Site "NANCY"]
[Date "2013.08.21"]
[Round "9.1"]
[White "Bellahcene, Omar"]
[Black "Mangold, Noe"]
[Result "1/2-1/2"]
[WhiteElo "1789"]
[BlackElo "1781"]
[PlyCount "91"]
[EventDate "2013.??.??"]

1. e4 c5 2. Na3 Nf6 3. e5 Nd5 4. d3 Nc6 5. f4 d6 6. Nf3 Nb6 7. c3 Bg4 8. Be2 e6
9. O-O d5 10. Nc2 Be7 11. Ne3 Bxf3 12. Bxf3 O-O 13. Ng4 Nd7 14. Qe1 h5 15. Nf2
h4 16. Nh3 Rc8 17. g4 hxg3 18. Qxg3 f5 19. Qg6 Nb6 20. Qxe6+ Kh7 21. Bh5 Bh4
22. Qg6+ Kh8 23. Bf3 Qe8 24. Qg2 d4 25. c4 Nb4 26. Rd1 Rc7 27. a3 Nc6 28. Ng5
Bxg5 29. Qxg5 g6 30. Rd2 Rh7 31. Rg2 Kg7 32. h4 Nc8 33. h5 N8e7 34. hxg6 Rh6
35. Qg3 Rfh8 36. Kf1 Rh1+ 37. Ke2 Nd8 38. b3 Ne6 39. Rg1 R1h3 40. Qf2 Nxg6 41.
Bd2 Kf7 42. Bd5 Ke7 43. Bxe6 Kxe6 44. Kd1 Rxd3 45. Rg3 Rh1+ 46. Rg1 1/2-1/2